000 00855nam a22002417a 4500
999 _c7142
_d7142
003 AR-CdUCM
008 190320b ||||| |||| 00| 0 spa d
040 _aMUNICIPALIDAD PROVINCIAL DEL CUSCO
_cBIBLIOTECA MUNICIPAL DEL CUSCO
041 _heng
082 _a620.11 /
_bT56
100 _aTimoshenko, Stephen P.
_920139
245 _aMecánica de materiales /
260 _aMéxico, D. F :
_bHispano-Americana,
_c1974.
300 _a618 páginas ;
_c25 cm.
500 _aTitulo original: Mechannics of materials.
505 _aTracción, compresión y cortadura -- Análisis de esfuerzo y deformación -- Torsión -- Fuerza cortante y momento flexionante ...
650 _aResistencia de materiales
_920140
650 _aMecánica
_918682
650 _aIngeniería
_910043
700 _aGere, James M.
_920141
942 _2ddc
_cLIBROS
945 _aacv